00790nam a2200193 a 450000100100000000500170001000800410002702000150006804000250008308200160010824500320012426000580015630000360021450000750025004900090032595201200033495201250045499900170057900003039720200930062307.0110516s2000 dr ac 000 | spa d a9945400517 aDO-SdBNPbspacBNPHU aRxxxbD545e00aDiccionario escolar Rolita. aSanto Domingo :bEditorial Actualidad Escolar,c2000. a397 p. :bil., retrs. ;c21 cm. aIncluye reglas ortográficas y abreviaturas usadas en el diccionario. aBNPD 001056718DSaBNPHUbBNPHUcCTd2011-05-16iLF1l0oRxxx D545ep30397-10r2020-06-25w2020-06-25y4ZNo se presta 001056718DSaBNPHUbBNPHUcCTd2011-05-16iLF1l0oRxxx D545ep30397-20r2020-06-25te.2w2020-06-25y4ZNo se presta c29889d29889